000
00323nam a22001457a 4500
003
SGT
020
_a
9789389991017
082
_a
345.06
_b
GAU
100
_a
GAUR , K D
245
_a
TEXTBOOK ON THE INDIAN EVIDENCE ACT
250
_a
2
260
_a
GURUGRAM
_b
LEXIS NEXIS
_c
2020
300
_a
LI , 408
942
_2
ddc
_c
BK
_0
1
999
_c
23344
_d
23344